Top 20 Export Countries - Statistics

General Stats
  • This quiz has been taken 23 times
  • The average score is 16 of 19
Answer Stats
Exports in billion $ Answer % Correct
3955 China
100%
521 UK
100%
369 Australia
95%
640 France
95%
1697 Germany
95%
431 India
95%
677 Italy
95%
718 Japan
95%
2019 USA
95%
567 Canada
90%
593 Mexico
90%
420 Spain
90%
393 Belgium
81%
742 Netherlands
81%
630 South Korea
76%
355 Poland
67%
570 UAE
67%
420 Switzerland
52%
475 Singapore
48%
No matching quizzes found
Score Distribution
Percent of People with Each Score
Percentile by Number Answered
Your Score History
You have not taken this quiz